000
00214nam a2200097Ia 4500
005
20251222114341.0
008
251222s1900||||xx |||||||||||||| ||spa||
082
_a
DVD0070/O86/2004
245
0
_a
Borderline:
942
_c
DVD
999
_c
853
_d
853